000 00396nam a2200169Ia 4500
001 10171
003 IN-NITTTR
005 20251114233055.0
008 251113s9999||||xx |||||||||||||| ||eng||
040 _beng
040 _cIN-NITTTR
041 _aeng
082 _a621.3 L974E
100 _aLurch, E. Norman
245 0 _aElectric circuit fundamentals. /
_cLurch, E. Norman
942 _2ddc
_cBK
999 _c12808
_d12808